000 01568cam a2200433 4500
001 19981
003 SK-KTurca
005 20251219182421.0
008 230824s2023 xo a ar 010 f slo
015 _aSNBA2023/09
020 _a9788022214377
_q(viazané)
040 _aSNK
_bslo
_cSNK
_erda
041 1 _aslo
_heng
044 _axo
_cSK
072 7 _a821.111-3
_xAnglická próza, anglicky písaná
_2konspekt
072 7 _a82-93
_xLiteratúra pre deti a mládež (poézia)
_2konspekt
080 _a821.111-32
_22011
080 _a82-93-053.4/.5
_22011
100 1 _aBright, Rachel,
_d1979-
_4aut
240 1 4 _aThe squirrels who squabbled
_lSlovensky
245 1 0 _aVeveričky, čo sa škriepili
_cRachel Brightová, Jim Field ; z anglického originálu The squirrels who squabbled ... prebásnila Jana Kantorová-Báliková
250 _aVydanie I.
264 1 _aBratislava
_bTatran
_c2023
300 _a30 nečíslovaných strán
_bfarebné ilustrácie
_c31 cm
336 _atext
_btxt
_2rdacontent
336 _astatický obraz
_bsti
_2rdacontent
337 _abez média
_bn
_2rdamedia
338 _azväzok
_bnc
_2rdacarrier
521 8 _aPre deti od troch rokov
655 7 _aanglické príbehy
_2SNKPH
655 7 _aliteratúra pre deti
_2SNKPH
655 7 _aEnglish stories
_2SNKPHeng
655 7 _aChildren’s literature
_2SNKPHeng
700 1 _aField, Jim,
_d1980-
_4ill
700 1 _aKantorová-Báliková, Jana,
_d1951-
_4trl
787 0 8 _iZo série:
_tOdvážne zvieratká
942 _2ddc
_cKLDE
_n0
999 _c19981
_d19981